| 000 | 00571nam a2200229Ia 4500 | ||
|---|---|---|---|
| 003 | GCL | ||
| 008 | 140319s9999 xx 000 0 eng d | ||
| 040 |
_aGCL / _cGCL |
||
| 082 | 0 | 4 |
_aCC _b738.5 _bG P |
| 100 | 1 | _aZAKARIYA, MONA | |
| 245 | 1 | 0 |
_aLES POTIERS ACTUELS DE FUSTAT / _cZAKARIYA, MONA |
| 700 | 1 | _aGOLVIN, LUCIEN | |
| 700 | 1 | _aTHIRIOT, JACQUES | |
| 260 |
_a[S.N] : _bIFAO ، _c1982 |
||
| 300 | _a90 P | ||
| 650 | 0 | 4 | _aEGYPT |
| 650 | 0 | 4 | _aPOTTERY |
| 650 | 0 | 4 | _aPOTTERY INDUSTRY |
| 650 | 0 | 4 | _aANCIENT EGYPT - POTTERY |
| 650 | 0 | 4 | _aFUSTAT |
| 942 |
_2ddc _cBK |
||
| 999 |
_c15573 _d15573 |
||